Statystyki dla Stolice Azji i Oceani

Kliknij tutaj aby rozwiązać quiz!

Ogólne statystyki

  • Ten quiz został rozwiązany 31 razy
    (6 od ostatniego zresetowania)
  • Średni wynik to 54 z 61

Statystyki odpowiedzi

KrajStolica% Poprawnych
Zjednoczone
Emiraty Arabskie
Abu Zabi
100%
KatarAd-Dauha
100%
JordaniaAmman
100%
TurcjaAnkara
100%
KazachstanAstana
100%
IrakBagdad
100%
AzerbejdżanBaku
100%
TajlandiaBangkok
100%
LibanBejrut
100%
AustraliaCanberra
100%
SyriaDamaszek
100%
BangladeszDhaka
100%
Timor WschodniDili
100%
TadżykistanDuszanbe
100%
IndonezjaDżakarta
100%
ArmeniaErywań
100%
WietnamHanoi
100%
PakistanIslamabad
100%
IzraelJerozolima
100%
AfganistanKabul
100%
NepalKatmandu
100%
MalezjaKuala Lumpur
100%
KuwejtKuwejt
100%
BahrajnManama
100%
FilipinyManila
100%
OmanMaskat
100%
Mjanma (Birma)Naypyidaw
100%
CyprNikozja
100%
IndieNowe Delhi
100%
ChinyPekin
100%
Korea północnaPjongjang
100%
Papua - Nowa GwineaPort Moresby
100%
Arabia SaudyjskaRijad
100%
JemenSana
100%
Korea południowaSeul
100%
SingapurSingapur
100%
FidżiSuva
100%
TajwanTajpej
100%
UzbekistanTaszkent
100%
GruzjaTbilisi
100%
IranTeheran
100%
BhutanThimphu
100%
JaponiaTokio
100%
MongoliaUłan Bator
100%
Nowa ZelandiaWellington
100%
LaosWientian
100%
SamoaApia
67%
TurkmenistanAszchabad
67%
BruneiBandar Seri Begawan
67%
KirgistanBiszkek
67%
Wyspy SalomonaHoniara
67%
PalauNgerulmud
67%
TongaNuku'alofa
67%
MikronezjaPalikir
67%
KambodżaPhnom Penh
67%
VanuatuPort Vila
67%
Sri LankaSri Dźajawardanapura Kotte / Kotte / Kolombo
67%
NauruYaren
67%
Wyspy MarshallaMajuro
33%
KiribatiBairiki
0%
TuvaluVaiaku
0%

Rozkład punktacji

Percentyl według liczby udzielonych odpowiedzi

Procent ludzi z każdym wynikiem

Twoja historia wyników

Nie rozwiązałeś tego quizu od ostatniego zresetowania